Представление документа в формате RUSMARC

ПолеНазваниеЗначение
  Тип записи a
  Библиографический уровень m
001 Контрольный номер RU/УГОНБ/EK/89055
005 Дата корректировки 20250520122050.8
010 Индекс ISBN __
a ISBN 5-85050-632-2
d Цена 89 р. 43 к.
9 Тираж 10000 экз.
100 Данные общей обработки __
a Данные общей обработки 20031218d2002 u u0rusy0189 ca
101 Язык документа 0_
a Язык текста rus
105 Кодированные данные (монография) __
a Кодированные данные (монография) a ¦¦¦¦¦¦¦¦¦
200 Заглавие и сведения об ответственности 1_
a Заглавие Искусство Японии
f Первые сведения об ответственности Д. Стэнли-Бейкер
g Последующие сведения об ответственности пер. А.В. Гусев
210 Выходные данные 1_
a Место издания Москва
c Издательство Слово/Slovo
d Дата издания 2002
215 Физическое описание __
a Объем 240 с.
c Иллюстрации/тип воспроизводства ил.
d Формат 21 см
225 Серия 1_
a Серия Большая библиотека "Слова"
300 Общие примечания __
a Общие примечания Указ. имен: с. 236-239
330 Аннотация __
a Аннотация Книга знакомит со своеобразной и загадочной культурой далекого островного государства с доисторических времен до наших дней. Рассказ об особом мировосприятии японцев, об их живописи, кваллиграфии, декоративном искусстве и архитектуре.
606 Тематические рубрики 0_
a Основная рубрика Искусство Японии
610 Ключевые слова 0_
a Ключевые слова искусство Японии
686 Индексы других классификаций __
a Классификационный индекс 85.103(5)
2 Код системы rubbk
700 Автор _1
a Фамилия Стэнли-Бейкер
b Имя (инициалы) Д.
g Полное личное имя Джоан
702 Вторичная интеллектуальная ответственность _1
a Фамилия Гусев
b Имя (инициалы) А.В.
4 Код отношения 730
801 Источник записи _0
a Страна RU
b Организация Ульяновская ОНБ
c Дата составления 20031218
g Правила каталогизации PSBO
801 Источник записи _1
a Страна RU
b Организация Ульяновская ОНБ
c Дата составления 20031218
901 Тип документа __
t Тип документа m
938 Служебная информация __
a Имя БД books
b Имя библиотеки УОНБ
c Имя АИБС МАРК-SQL
d Номер DOC_ID в БД 227556